Too cheap by half (Record no. 83705)

MARC details
000 -LEADER
fixed length control field 00760cab a22002175a 4500
001 - CONTROL NUMBER
control field L154686
008 - FIXED-LENGTH DATA ELEMENTS--GENERAL INFORMATION
fixed length control field 120112e20120107xxk 000 0 eng d
035 ## - SYSTEM CONTROL NUMBER
System control number (Sirsi) u154686
041 0# - LANGUAGE CODE
Language code of text/sound track or separate title eng
100 1# - MAIN ENTRY--PERSONAL NAME
Personal name Morris, Oliver
245 00 - TITLE STATEMENT
Title Too cheap by half
260 ## - PUBLICATION, DISTRIBUTION, ETC.
Date of publication, distribution, etc. 2012
490 ## - SERIES STATEMENT
Series statement Estates Gazette
Volume/sequential designation (1201) 7 January 2012, 50-51(2)
520 ## - SUMMARY, ETC.
Summary, etc. Risks of buying assets at an undervalue. Includes advice on purchasing a distressed sale bargain and the problems a landlord can have in relation to tenants paying rent after a petition for their winding-up has been presented against them.
590 ## - LOCAL NOTE (RLIN)
Local note KA
651 #4 - SUBJECT ADDED ENTRY--GEOGRAPHIC NAME
Geographic name United Kingdom
Chronological subdivision
690 ## - LOCAL SUBJECT ADDED ENTRY--TOPICAL TERM (OCLC, RLIN)
Topical term or geographic name as entry element Property management
9 (RLIN) 6262
690 ## - LOCAL SUBJECT ADDED ENTRY--TOPICAL TERM (OCLC, RLIN)
Topical term or geographic name as entry element Procurement-old
700 1# - ADDED ENTRY--PERSONAL NAME
Personal name Garry, Peter
942 ## - ADDED ENTRY ELEMENTS (KOHA)
Suppress in OPAC 0
Holdings
Withdrawn status Lost status Source of classification or shelving scheme Damaged status Not for loan Home library Current library Shelving location Date acquired Total Checkouts Full call number Barcode Date last seen Copy number Price effective from Koha item type
    Dewey Decimal Classification     London London Journal article 12/01/2012   L154686 154686-1001 06/08/2019 1 06/08/2019 Journal article